|
|
|
|
| LEADER |
00588cam a2200181 7i4500 |
| 001 |
0000033343 |
| 005 |
20200312090000.0 |
| 007 |
##ta |
| 008 |
200312s2014 my eng |
| 020 |
# |
# |
|a 9781501105289
|
| 090 |
0 |
0 |
|a B 332.024
|b ROB (LRM)
|
| 100 |
1 |
# |
|a Robbins, Anthony,
|e author
|
| 245 |
1 |
0 |
|a MONEY :
|b MASTER THE GAME : 7 Simple Steps to Financial freedom /
|c Tony Robbins.
|
| 264 |
# |
1 |
|a London:
|b Simon & Schuster,
|c 2014.
|
| 300 |
# |
# |
|a xxviii, 656 pages:
|b illustrations;
|c 23 cm.
|
| 500 |
# |
# |
|a Formerly CIP
|
| 650 |
1 |
0 |
|a Finance, Personal
|
| 999 |
|
|
|a B000037592
|b Book
|c Book
|e Business Information Centre
|